Statistics for Guess the Hit Title from the Lyrics #2

Click here to take the quiz!

General Stats

  • This quiz has been taken 473 times
  • The average score is 5 of 15

Answer Stats

LyricsAnswer% Correct
So shine bright tonight, you and I / We're beautiful like _____ in the sky / Eye to eye, so alive / We're beautiful like ______ in the skyDiamonds: By Rihanna
89%
__ __ ___ / Its now or never / I ain't gonna live forever / I just want to live while I'm alive / (__ __ ___)Its My Life: By Bon Jovi
49%
Who do you think you are? / Runnin' 'round leaving scars / Collecting a __ __ ____ / Tearing love apartJar of Hearts: By Christina Perry
49%
If it hadn't been for ____-__ ___ / I'd be married a long time ago / Where did you come from, where did you go? Where'd you come from, ____-__ ___?Cotton-Eye Joe: By Rednex
48%
But ___ __ ___ ___ / I can breathe for the first time / I'm so movin' on, yeah, yeah / Thanks to you, I get what l want / ___ __ ___ ___Since You Been Gone: By Kelly Clarkson
42%
So I'm gonna love you, ___ __ ___ ___ __ / I'm gonna hold you, like I'm saying goodbyeLike I'm Gonna Lose You: By Meghan Trainor
40%
__ __ __ ____ / We are the children / We are the ones that make a brighter day, so let's start givingWe Are The World: By U.S.A. For Africa
39%
Everybody's tryna be a billionaire / But every time I look at you I just don't care / 'Cause all I wanna be, yeah all I wanna be, yeah yeah / Is _______ __ ___Somebody To You: By The Vamps & Demi Lovato
30%
Who's waking up to drive you home when your drunk and all alone? / Who's gonna walk you through the dark side of the morning? / __ __'_ __It Ain't Me: By Selena Gomez & Kygo
26%
___ right now, thank you very much / I need somebody with a human touch / Hey you, always on the run / Gotta slow it down gotta have some funStop: By The Spice Girls
22%
So I won't hesitate no more, no more / It cannot wait i'm sure / There's no need to complicate / Our time is short / This is our fate, __ ___Im Yours: By Jason Mraz
19%
__ ___ to begin, isn't it? / I get a little bit bigger but then I'll admit / I'm just the same as I was / Now don't you understand / Im never changing who I amIts Time: By Imagine Dragons
18%
I'll spread my wings, and I'll learn how to fly / I'll do what it takes till I touch the sky / And I'll make a wish / Take a chance / Make a change / And ________Breakaway: By Kelly Clarkson
17%
All you people can't you see can't you see / How your love's affecting our reality / Every time we're down, you can make it right / And that makes you ______ ___ ___Larger Than Life: By BSB
13%
But you know there will come a day / When I won't be there, but I know that you'll be OK / 'Cause you are __ _____My Blood: By Westlife
1%

Score Distribution

Percentile by Number Answered

Percent of People with Each Score

Your Score History

You have not taken this quiz